00319pab a2200121 454500008004000000100001300040245006500053260000900118300001300127362001100140650002600151773002000177180718b2011 xxu||||| |||| 00| 0 eng d aOm Vikas aQuality upgradation in engineering education network (QUEEN) c2011 ap.26-29. a10 Oct aEngineering education aUniversity News